000 01277cam a22003497a 4500
003 CHAP
005 20220329142548.0
008 010926s2000 mx a r 00010 spa d
010 _a84947
011 _a85919
035 _a96457
040 _cCHAP
082 0 4 _a972.7275
_bR3Y
100 0 0 _aRavicz, Robert S.
_994773
245 1 0 _aOrganización social de los mixtecos
_c/por Robert S. Ravicz
260 _aMéxico, D.F. :
_bInstituto Nacional Indigenista,
_c1965.
300 _a281 p. :
_bilus.
490 0 _aColección de antropología social
590 _aBATCH-UPD
_b10
_c20130110
_lUCH01
_h0739
590 _aBATCH-UPD
_b10
_c20130110
_lUCH01
_h2343
590 _aBATCH-UPD
_b10
_c20130410
_lUCH01
_h0421
590 _aBATCH-UPD
_b10
_c20130914
_lUCH01
_h1632
590 _aCONVERSION
_b10
_c20130109
_lUCH01
_h1347
650 0 4 _aIndios de Oaxaca.
_957644
830 0 _aColección de antropología social
_924781
901 _aBK
905 _aAlejandra Carrasco M.
942 _cLIBRO
949 _a972.7275 R3Y
_bBC
_cLIBRO
_d33724000856803
_eLIBRO
_h101990
_i96457
_kDon.
_si
949 _a972.7275 R3Y
_bBC
_cLIBRO
_d33724000858486
_eLIBRO
_fc.2
_h101856
_i96457
_kDonaciØn CONASUPO
_si
949 _a972.7275 R3Y
_bBC
_cLIBRO
_d33724002249926
_eLIBRO
_fc.3
_gDonaciØn
_h115032
_i96457
_si
999 _c84947
_d84947